Derecho de la persona : introducción al derecho civil /

Detalles Bibliográficos
Autores principales: Ruiz de Huidobro de Carlos, José María (Autor), Corripio Gil-Delgado, María Reyes (Autor)
Formato: Electrónico eBook
Lenguaje:español
Publicado: Madrid : Dykinson, S.L., [2021]
Edición:3a edición actualizada.
Materias:
Acceso en línea:Digitalia Hispánica

MARC

LEADER 00000nam a2200000 i 4500
001 DIGDYK3004
003 NyNyDIG
007 cr |||||||||||
008 231201s2021 sp ob 000 0 spa d
006 m o d
035 |a (OCoLC)1414667807 
040 |a DGITA  |b eng  |e rda  |e pn  |c DGITA 
020 |a 9788491488156  |q eBook 
020 |z 9788413778839 
043 |a e-sp--- 
050 1 4 |a KKT511 ebook 
100 1 |a Ruiz de Huidobro de Carlos, José María,  |e author. 
245 1 0 |a Derecho de la persona :  |b introducción al derecho civil /  |c José María Ruiz de Huidobro de Carlos con la colaboración de Ma. Reyes Corripio Gil-Delgado. 
250 |a 3a edición actualizada. 
264 1 |a Madrid :  |b Dykinson, S.L.,  |c [2021] 
300 |a 1 online resource. 
336 |a text  |b txt  |2 rdacontent 
337 |a computer  |b c  |2 rdamedia 
338 |a online resource  |b cr  |2 rdacarrier 
347 |a text file  |2 rdaft 
347 |b PDF 
504 |a Includes bibliographical references. 
588 0 |a Online resource; title from PDF title page (Digitalia, viewed December 1, 2023) 
650 0 |a Persons (Law)  |z Spain. 
650 0 |a Civil law  |z Spain. 
700 1 |a Corripio Gil-Delgado, María Reyes,  |e author. 
791 2 |a Digitalia (Firm),  |e distributor. 
793 0 |g Digitalia eBook Collection:  |a Dykinson Editorial 
776 0 8 |i Print version:  |a Ruiz de Huidobro de Carlos, José María.  |t Derecho de la persona.  |b 3a edición actualizada.  |d Madrid : Dykinson, S.L., [2021]  |z 9788413778839 
856 4 0 |3 Digitalia Hispánica  |u https://www.digitaliapublishing.com/a/131390/ 
910 |a Premium collection: 2023